000 00287nam a22001217a 4500
020 _a81-8388-309-5
082 _a000
_bSPI/D
100 _aSPIDER BOOKS
245 _aMY PRE-SCHOOL BOOK OF DOMESTIC ANIMALS
260 _aCHENNAI
_bSPIDER BOOKS
650 _aPICTURE BOOK
_zINDIA
942 _cBK
999 _c4665
_d4665